Το μέλλον της Δύσεως

Αποθηκεύτηκε σε:
Λεπτομέρειες βιβλιογραφικής εγγραφής
Κύριος συγγραφέας: Beus, Jacobus Gijsbertus de, 1909-1991
Μορφή: Βιβλίο
Γλώσσα:Greek
English
Δημοσίευση: [Αθήναι] : Εστία, [19--].
Θέματα:
Ετικέτες: Προσθήκη ετικέτας
Δεν υπάρχουν, Καταχωρήστε ετικέτα πρώτοι!

MARC

LEADER 00000cam a2200000 i 4500
001 1/94133
008 080918q19501960gr | ||| |||| ||gre||
035 |l 10100263 
040 |a GR-MY-UA  |b gre  |e aacr 
041 1 |a gre  |h eng 
082 7 |a 901   |2 (22) 
100 1 |a Beus, Jacobus Gijsbertus de,   |d 1909-1991. 
245 1 3 |a Το μέλλον της Δύσεως /   |c J. G. de Beus.  
260 |a [Αθήναι] :   |b Εστία,   |c [19--].  
300 |a 188 σ. ;   |c 22 εκ. 
500 |a Τίτλος πρωτοτύπου: The future of the West.  
504 |a Βιβλιογραφία : σ. [187]-188.  
650 0 0 |a Civilization, Western. 
852 |a INST  |b RHODES  |c AKA  |e 20080918  |h  901 BEU  |p 005400028306  |q 005400028306  |t BK  |y 0 
901 |a BIBL4-2008-3 
909 |a Ρ  |b 153048 
970 |a ΚΟΖΑ  |b ΜΑΡΙΑ  |z 2008/09/18